General Knowledge 2 - Statistics

General Stats
  • This quiz has been taken 65 times
  • The average score is 8 of 10
Answer Stats
No. Question Answer % Correct
3 What planet is known as the "Red Planet"? Mars
100%
9 Which country is known for originating pizza? Italy
98%
1 Which river is the longest in the world? Nile
98%
2 In which year did World War II end? 1945
97%
6 Which country has won the most FIFA World Cups? Brazil
97%
8 What is the name of Apple's virtual assistant? Siri
92%
4 What is the first book of the Bible? Genesis
85%
5 Who played Iron Man in the Marvel Cinematic Universe? Robert Downey Jr.
84%
10 Who is the youngest person to win an Oscar? Tatum O’Neal
18%
7 What is the real name of the artist known as Lady Gaga? Stefani Germanotta
11%
No matching quizzes found
Score Distribution
Percent of People with Each Score
Percentile by Number Answered
Your Score History
You have not taken this quiz